Grand dictionnaire: espagnol-francais, francais-espagnol
I tiakina i:
| Ngā kaituhi matua: | , |
|---|---|
| Hōputu: | Pukapuka |
| Reo: | Wīwī Pāniora |
| I whakaputaina: |
París
Larousse
1998
|
| Ngā marau: | |
| Ngā Tūtohu: |
Tāpirihia he Tūtohu
Kāore He Tūtohu, Me noho koe te mea tuatahi ki te tūtohu i tēnei pūkete!
|
MARC
| LEADER | 00000nam a2200000 a 4500 | ||
|---|---|---|---|
| 001 | UCM0691 | ||
| 003 | CL-VaPUC | ||
| 008 | 020308e19980000FR |||||||||||||||||fre|d | ||
| 041 | 0 | 7 | |a fre |2 CL-VaPUC |
| 041 | 0 | 7 | |a spa |2 CL-VaPUC |
| 082 | 0 | 4 | |a 443.61 |b GAR |2 21 |
| 100 | |a García-Pelayo y Gross, Ramón |e author |9 544819 | ||
| 700 | 0 | |a Testas, Jean |e author |9 467610 | |
| 245 | 1 | 0 | |a Grand dictionnaire: espagnol-francais, francais-espagnol |
| 300 | |a 1628 p | ||
| 942 | |c BK | ||
| 945 | |d 20020308 00:00:00 |a vberengu | ||
| 260 | |a París |b Larousse |c 1998 | ||
| 650 | 7 | |a DICCIONARIOS FRANCES ESPAÑOL |2 CL-VaPUC |9 316678 | |
| 650 | 7 | |a DICCIONARIOS ESPAÑOL FRANCES |2 CL-VaPUC |9 316679 | |
| 650 | 0 | |a Diccionarios |9 256200 | |
| 650 | 0 | |a Glosarios |9 261047 | |
| 583 | |a last modification |c 20020308 00:00:00 |k Rodrigo Vera | ||
| 999 | |c 299529 |d 299527 | ||
| 952 | |0 0 |1 0 |4 0 |6 443_610000000000000_GAR_1998 |7 0 |8 X |9 356156 |a BIBHIS |b BIBHIS |d 2019-11-21 |i 3795888 |o 443.61 GAR 1998 |p 3795888 |r 2024-01-30 |w 2019-11-21 |y BK_X |k HIS | ||